MARC
| LEADER | 00000 a2200000 04500 | ||
|---|---|---|---|
| 001 | 18513 | ||
| 003 | |||
| 008 | 991231s d | ||
| 040 | |||
| 090 | |a 143401 | ||
| 100 | |a Lander, Edgardo | ||
| 110 | |a Consejo Latinoamericano de Ciencias Sociales | ||
| 245 | |a La colonialidad del saber: eurocentrismo y ciencias sociales; perspectivas latinoamericanas / |c Edgardo Lander | ||
| 260 | |a Buenos Aires: |b CLACSO | ||
| 300 | |a 246 p. | ||
| 500 | |a Disponble en Cd, en No. 194112 | ||
| 650 | |a CIENCIAS SOCIALES | ||
| 650 | |a COLONIALISMO | ||
| 650 | |a IDEOLOGIAS | ||
| 999 | |c 15859 |d 15859 | ||
